000 00375nam a2200145Ia 4500
005 20250729165758.0
008 250729s2010 xx 000 0 und d
041 _akan
082 _a494.07 BIMS
100 _aBimal Krishna Marilal
_9232795
245 _aShabha Mattu Jagattu
260 _aKarnataka
_bAkshara Prakashana
_c2010
300 _a200p
650 _aKannada
_9232796
999 _c239960
_d239960